| 000 | 00844nam a2200193Ia 4500 | ||
|---|---|---|---|
| 001 | 10352 | ||
| 003 | GE_BSU | ||
| 008 | 181216s||||||||xx |||||||||||||| ||und|| | ||
| 040 | _cGE_BSU | ||
| 080 | _a821.353.1+821.353.1-32 | ||
| 245 | _aქართული მწერლობა:ოცდაათ ტომად.ტ3 | ||
| 245 | _cშემდგ.ა.ბაქრაძე,რ.თვარაძე,სარედ.კოლ.ა.ბაქრაძე, ა.ბრეგაძე.გ.გვერდწითელი და სხვ. ტომის რედ. ვ.როდონაია. მხატვ. გ.ღლონტი | ||
| 260 | _aთბილისი | ||
| 260 | _bნაკადული | ||
| 260 | _c1988 | ||
| 300 | _a493გვ.20სმ. | ||
| 653 | _aქართული მწერლობა | ||
| 942 | _cBK | ||
| 999 |
_c43617 _d43617 |
||